000 01220nam0a22002411 4500
001 rc\905105
005 20260407104654.0
035 _a(NLR Aleph) 006080253
090 _a5084220
_c5084220
100 _a20041129d1983 |||y0rusy50 ca
101 0 _arus
102 _aRU
105 _ay |||||||||
200 1 _aУскоренная лабораторная диагностика микоплазменных пневмоний
_eМетод. рекомендации
_fМ-во здравоохранения КазССР, Ин-т эпидемиологии, микробиологии и инфекц. болезней
_g[Сост. д. м. н. М.С. Байжомартовым и др.]
210 _aАлма-Ата
_cИн-т эпидемиологии, микробиологии и инфекц. болезней
_d1983
215 _a10 с.
_d20
702 1 _aБайжомартов
_bМ.С.
_gМелс Серикбаевич
_4220
712 0 2 _aКазахский институт эпидемиологии, микробиологии и гигиены
_cАлма-Ата
_3RU\NLR\AUTH\889935238
_9365420
801 0 _aRU
_bNLR
_gpsbo
801 1 _aRU
_bELAR
_2rusmarc
852 _aNLR
_j83-4/23868
942 _cBOOK
980 _aNB